00715nam a22002177a 450000500170000001000130001702000220003003500130005203700160006504000120008108200200009324501250011326000550023827000510029330000190034450000190036365000410038265000270042370000220045070000250047220170124110024.0 aA-716340 c00.00a8173040893 aA-716340 bCen Lib/Ret aDPLbEN a301.095452bBEN aBengal :cedited by Sekhar Bandopadhyay,Abhijit Dasgupta [and] Willem van Schendelbcommunities,development and states / bManohar Publishers & DistributorsaNew Delhic1994 bNew Delhia2/6, Ansari Road, Daryaganje110002 a361p. c21(Hb) aIncludes index aBengal (India) -- Social conditions. aLand tenure in Bengal. aDasgupta, Abhijit aSchendel, Willem van